000 00565nam a2200205 a 4500
001 000045457
003 DO-SdBNP
005 20210930151650.0
007 ta
008 150406s 20uu dr abc 000 0 spa d
040 _aDO-SdBNP
_bspa
_cBNPHU
082 4 _aBNPHU
_bxxxx
245 0 0 _aAprende y viaja con Ponky.
246 0 0 _aAprende y viaja con Ponky de bizcochito esponjoso
260 _aSanto Domingo :
_bGupo Prodalsa,
_cs.f.
300 _a[64] p. :
_bil., map., retrs. ;
_c23 cm.
590 _aInventariado, 2021/BT
910 _aBtavárez
942 _2ddc
_cLBS1
999 _c44946
_d44946